Statistics for London Underground stations containing “and” (&)

Click here to take the quiz!

General Stats

  • This quiz has been taken 522 times
  • The average score is 4 of 6

Answer Stats

% Correct
Elephant & Castle
79%
Chalfont & Latimer
72%
Totteridge & Whetstone
66%
Harrow & Wealdstone
65%
Highbury & Islington
62%
Heathrow Terminals 2 & 3
28%

Score Distribution

Percentile by Number Answered

Percent of People with Each Score

Your Score History

You have not taken this quiz